| 000 | 01287nam a22003017a 4500 | ||
|---|---|---|---|
| 005 | 20090204153945.0 | ||
| 008 | 090204t xxu||||| |||| 00| 0 hin d | ||
| 010 | _aHIN-85379 | ||
| 020 |
_a9788190415751 _c200.00 |
||
| 035 | _aHN-57725 | ||
| 037 | _bDBAD / PUB | ||
| 040 |
_aDPL _bHN |
||
| 082 | _a613 | ||
| 100 | _aत्यागी, ब्रजेश | ||
| 245 |
_aहमारा स्वास्थ्य आहार,योग और विज्ञान / _cब्रजेश त्यागी, |
||
| 246 |
_aHamaaraa swaasthya aahaara yoga aura vigyana _bby Brijesh Tyagi |
||
| 260 |
_aनई दिल्ली _bस्काई बुक्स इंटरनेशनल _c2008 |
||
| 270 |
_a1/1079-ई महरौली _bनई दिल्ली _e110 030 |
||
| 300 |
_a160 पृ. _b(सचित्र) _c22 सेमी (सजिल्द) |
||
| 650 | _aस्वास्थ्य | ||
| 650 | _aHealth | ||
| 650 | _aयोग | ||
| 650 | _aYoga | ||
| 650 | _aआहार, | ||
| 650 | _aNutrition | ||
| 942 |
_2ddc _cHN _mत्यागीबृ _h613 |
||
| 999 |
_c23026 _d23026 |
||